Statistics for Songs Played Live the Most Times - Foo Fighters

Click here to take the quiz!

General Stats

  • This quiz has been taken 46 times
    (39 since last reset)
  • The average score is 10 of 20

Answer Stats

# Times PlayedSong% Correct
963Everlong
100%
889Monkey Wrench
85%
854My Hero
85%
512Best of You
82%
411The Pretender
82%
777Learn to Fly
74%
640All My Life
68%
580Big Me
62%
666Times Like These
62%
291Walk
62%
641Breakout
50%
820This Is a Call
47%
463For All the Cows
35%
464I'll Stick Around
32%
553Stacked Actors
32%
266Generator
29%
418Cold Day in the Sun
24%
325Alone + Easy Target
12%
347Hey, Johnny Park!
9%
341Up in Arms
3%

Score Distribution

Percentile by Number Answered

Percent of People with Each Score

Your Score History

You have not taken this quiz since the last reset